[Event "GER-chT U20"]
[Site "Magdeburg"]
[Date "2023.12.30"]
[Round "7.8"]
[White "Lohr, Maximilian"]
[Black "Struck, Lasse"]
[Result "1/2-1/2"]
[WhiteElo "2061"]
[BlackElo "1964"]
[PlyCount "60"]
[EventDate "2023.12.26"]
[EventType "team-swiss"]
[EventRounds "7"]
[EventCountry "GER"]
[SourceTitle "CB03_2024"]
[SourceDate "2024.01.17"]
[SourceVersion "1"]
[SourceVersionDate "2024.01.17"]
[SourceQuality "1"]
[WhiteTeam "Ergolding"]
[BlackTeam "Essen Katernberg"]
[WhiteTeamCountry "GER"]
[BlackTeamCountry "GER"]

1. e4 c5 2. Nf3 e6 3. d4 cxd4 4. Nxd4 Nc6 5. Nc3 Qc7 6. Be3 a6 7. Qf3 Ne5 8. Qg3 h5 9. h4 Nf6 10. 0-0-0 d6 11. Bf4 Ng6 12. Bb5+ axb5 13. Ndxb5 Qc6 14. Rxd6 Bxd6 15. Bxd6 Nxe4 16. Nxe4 Qxb5 17. Ba3 Qe5 18. Nd6+ Kd7 19. Rd1 Qxg3 20. fxg3 Kc6 21. Nxf7 Re8 22. Rd3 e5 23. Rc3+ Kd7 24. Rd3+ Ke6 25. Ng5+ Kf6 26. Rf3+ Bf5 27. Ne4+ Ke6 28. Ng5+ Kf6 29. Ne4+ Ke6 30. Ng5+ Kf6 1/2-1/2

[Event "GER-chT U20"]
[Site "Magdeburg"]
[Date "2023.12.27"]
[Round "1.7"]
[White "Struck, Lasse"]
[Black "Burian, Simon"]
[Result "1/2-1/2"]
[WhiteElo "1964"]
[BlackElo "2154"]
[PlyCount "107"]
[EventDate "2023.12.26"]
[EventType "team-swiss"]
[EventRounds "7"]
[EventCountry "GER"]
[SourceTitle "CB03_2024"]
[SourceDate "2024.01.17"]
[SourceVersion "1"]
[SourceVersionDate "2024.01.17"]
[SourceQuality "1"]
[WhiteTeam "Essen Katernberg"]
[BlackTeam "Plauen Koenig"]
[WhiteTeamCountry "GER"]
[BlackTeamCountry "GER"]

1. d4 Nf6 2. c4 e6 3. Nf3 d5 4. g3 Bb4+ 5. Bd2 Be7 6. Bg2 0-0 7. Qc2 c6 8. h4 Nbd7 9. Nc3 b6 10. e4 dxe4 11. Nxe4 Bb7 12. Nxf6+ Nxf6 13. Bc3 Qc8 14. 0-0 h6 15. Rfe1 Re8 16. c5 Nd5 17. Bd2 bxc5 18. dxc5 Bf6 19. Ne5 Qb8 20. Qe4 Bxe5 21. Qxe5 Qxe5 22. Rxe5 Nf6 23. Ree1 Nd5 24. Bf1 e5 25. Ba5 f5 26. b4 a6 27. a4 Kf7 28. Bc4 Rac8 29. Rec1 e4 30. Bxd5+ cxd5 31. b5 Re6 32. Rc2 d4 33. c6 Ba8 34. Rc4 Re5 35. Rb1 d3 36. Bd2 axb5 37. axb5 Re6 38. Ra1 Bxc6 39. bxc6 Rexc6 40. Rxc6 Rxc6 41. Ra2 Kf6 42. h5 g6 43. Bxh6 gxh5 44. Bf4 Ke6 45. Kg2 Rc5 46. Kh3 Kd5 47. Ra6 Rc2 48. Ra5+ Kc4 49. Be3 d2 50. Bxd2 Rxd2 51. Rxf5 Kd3 52. Kh4 e3 53. fxe3 Rh2+ 54. Kg5 1/2-1/2

[Event "GER-ch Youth-A"]
[Site "Willingen"]
[Date "2022.06.05"]
[Round "1"]
[White "Savchenko, Daniel"]
[Black "Struck, Lasse"]
[Result "0-1"]
[WhiteElo "2134"]
[BlackElo "1847"]
[PlyCount "48"]
[EventDate "2022.06.04"]
[EventType "swiss"]
[EventRounds "9"]
[EventCountry "GER"]
[SourceTitle "CBM 208 Extra"]
[Source "ChessBase"]
[SourceDate "2022.07.31"]
[SourceVersion "1"]
[SourceVersionDate "2022.07.31"]
[SourceQuality "1"]

1. e4 c5 2. Nf3 e6 3. d4 cxd4 4. Nxd4 Nc6 5. Nb3 Nf6 6. Bd3 Be7 7. 0-0 0-0 8. Qe2 Ne5 9. Nc3 b6 10. f4 Nxd3 11. Qxd3 Bb7 12. Bd2 Rc8 13. e5 Nd5 14. Ne4 Qc7 15. Nd4 f5 16. Ng3 Ba8 17. Nge2 Qb7 18. Nf3 Rc7 19. Ned4 Rfc8 20. Rfc1 a6 21. a3 b5 22. h3 Nb6 23. Ba5 Rc4 24. b3 Rxd4 0-1

[Event "DSOL 06 Liga Final 1st"]
[Site "Playchess.com INT"]
[Date "2020.09.04"]
[Round "2.5"]
[White "Mueller, Marvin"]
[Black "Struck, Lasse"]
[Result "0-1"]
[WhiteElo "1721"]
[BlackElo "1805"]
[PlyCount "65"]
[EventDate "2020.06.22"]
[EventType "team-k.o. (rapid)"]
[EventCountry "GER"]
[SourceTitle "EXT 2021"]
[Source "ChessBase"]
[SourceDate "2020.10.23"]
[SourceVersion "1"]
[SourceVersionDate "2020.10.23"]
[SourceQuality "1"]
[WhiteTeam "Hamburger SK VI"]
[BlackTeam "Essen Katernberg II"]
[WhiteTeamCountry "GER"]
[BlackTeamCountry "GER"]

1. e4 c5 2. Nf3 e6 3. d4 cxd4 4. Nxd4 Nc6 5. Nc3 Qc7 6. Be3 a6 7. Qd2 Nf6 8. f3 b5 9. 0-0-0 Be7 10. g4 Nxd4 11. Bxd4 Bb7 12. h4 Rc8 13. Kb1 h6 14. Be2 b4 15. Na4 Nxe4 16. fxe4 Bxe4 17. Bd3 Bxh1 18. Bb6 Qc6 19. Bxa6 Ra8 20. Qd3 Be4 21. Bb5 Bxd3 22. Bxc6 dxc6 23. Rxd3 Rxa4 24. b3 Ra8 25. Kb2 0-0 26. c3 bxc3+ 27. Kxc3 Rxa2 28. Bd4 Bf6 29. Bxf6 gxf6 30. Rf3 Kg7 31. h5 Rb8 32. b4 Ra3+ 33. Kd4 0-1

[Event "GER-ch U25-A"]
[Site "Willingen"]
[Date "2019.06.13"]
[Round "7"]
[White "Struck, Lasse"]
[Black "Flach, Helene"]
[Result "1-0"]
[WhiteElo "1770"]
[BlackElo "1829"]
[PlyCount "123"]
[EventDate "2019.06.08"]
[EventType "swiss"]
[EventRounds "9"]
[EventCountry "GER"]
[SourceTitle "CBM 191 Extra"]
[Source "ChessBase"]
[SourceDate "2019.09.30"]
[SourceVersion "1"]
[SourceVersionDate "2019.09.30"]
[SourceQuality "1"]

1. e4 c5 2. Nf3 e6 3. d4 cxd4 4. Nxd4 a6 5. c4 Nf6 6. Nc3 Qc7 7. Be2 b6 8. 0-0 Bb7 9. f3 Bd6 10. Kh1 Be7 11. Be3 d6 12. Qd2 Nbd7 13. Rfc1 h5 14. a4 h4 15. h3 Nh5 16. a5 Qd8 17. Nb3 Nc5 18. Bd1 f5 19. axb6 Qxb6 20. Nxc5 dxc5 21. Ba4+ Kf7 22. Bc2 Rad8 23. Qf2 f4 24. Bd2 Bf6 25. Na4 Qd6 26. Bc3 Bd4 27. Bxd4 cxd4 28. c5 Qc7 29. Bd3 Bc6 30. b4 Bb5 31. Nb2 Qc6 32. Ra5 Ng3+ 33. Kh2 e5 34. Bxb5 axb5 35. Nd3 Kf6 36. Rca1 Ra8 37. Qa2 Rxa5 38. Qxa5 Rb8 39. Qa7 Rb7 40. Qa8 Qc7 41. Qf8+ Kg6 42. Ra6+ Kh7 43. Qd6 Ra7 44. Qxc7 Rxc7 45. Kg1 Re7 46. Kf2 Re8 47. Ra5 Rb8 48. Nxe5 d3 49. Ke1 Rd8 50. c6 d2+ 51. Kd1 Nf1 52. Nd7 Ne3+ 53. Kxd2 Nc4+ 54. Kc3 Nxa5 55. bxa5 Rc8 56. Ne5 Kg8 57. Kb4 Rb8 58. Nd7 Rc8 59. Kxb5 Kf7 60. Kb6 Ke7 61. Kb7 Kd8 62. a6 1-0